| 000 | 03637 a2200229 4500 | ||
|---|---|---|---|
| 001 | 28408 | ||
| 005 | 20260407155555.0 | ||
| 008 | 260407a1988 arg spa d | ||
| 003 | AR-UNSa-BCEJYS | ||
| 040 |
_aAR-UNSa-BCEJYS _bspa _cAR-UNSa-BCEJYS |
||
| 080 |
_a342 _xDerecho constitucional (Derecho Público) |
||
| 245 | 1 | 0 | _aTratado elemental de derecho constitucional argentino |
| 020 | _a950-574-034-4 | ||
| 264 | 1 |
_aBuenos Aires : _bEDIAR _c1988 |
|
| 300 |
_a4 v. _c22 cm. |
||
| 505 | _aVol. I: El derecho constitucional de la libertad: 1. La estructura y el contenido del derecho constitucional - 2. La tipología de la constitución - 3. La interpretación y la integración de la constitución - 4. La supremacía y el control de la constitución - 5. El poder constituyente - 6. El estado argentino y su encuadre constitucional - 7. La descentralización política y el federalismo - 8. La iglesia católica, el estado, y la libertad religiosa - 9. Las emergencias y los institutos de emergencia - 10. La estructura de los derechos subjetivos y de su declaración constitucional - 11. La libertad y la igualdad jurídicas - 12. La libertad de expresión - 13. Otros derechos y libertades enumerados e implícitos - 14. El derecho de propiedad - 15. La expropiación - 16. La tributación y el poder tributario - 17. Los derechos sociales - 18. Los derechos gremiales - 19. La seguridad social - 20. La seguridad jurídica y las garantías - 21. El habeas corpus y el amparo - 22. La limitación y restricción de los derechos subjetivos - 23. Los efectos del estado de sitio en relación con los derechos y garantías -- Vol. II: El derecho constitucional del poder: 24. La parte orgánica - 25. El régimen electoral, los derechos políticos y las fuerzas políticas - 26. El congreso - 27. El derecho parlamentario - 28. La competencia del congreso fuera del art. 67 - 29. La competencia del congreso en el art. 67 - 30. La ley - 31. Las competencias privativas de cada cámara - 32. El poder ejecutivo - 33. La competencia del poder ejecutivo - 34. Los órganos dependientes del poder ejecutivo - 35. El poder militar - 36. El derecho de los tratados internacionales - 37. El poder judicial - 38. La administración de justicia - 39. El derecho judicial - 40. El control y la jurisdicción constitucionales - 41. La jurisdicción y la competencia de los tribunales federales - 42. La jurisdicción y la competencia originaria y exclusivas de la corte suprema - 43. La jurisdicción apelada extraordinaria de la corte suprema - 44. La jurisdicción supraestatal de la corte interamericana de derechos humanos - 45. La doctrina de facto -- Vol. III: Los pactos internacionales sobre derechos humanos y la Constitución: Primera parte: Los pactos sobre derechos humanos en el derecho constitucional argentino; Segunda parte: Los derechos civiles y políticos; Tercera parte: Los derechos sociales – Vol. VI: 1. La reforma y su trámite – 2. El panorama normativo – 3. El desarrollo infraconstitucional de la reforma, y sus problemas – 4. El sistema de derechos – 5. Los derechos “nuevos” – 6. Las garantías “nuevas” – 7. El congreso – 8. El articulo 75 y las competencias del congreso – 9. El poder ejecutivo – 10. Los órganos de control – 11. El consejo de la magistratura – 12. Los nuevos matices del federalismo – 13. El derecho de los tratados internacionales | ||
| 041 | _aspa | ||
| 942 | _cBK | ||
| 590 | _aniveau_biblio:m niveau_hierar:0 | ||
| 100 | 1 | _aBidart Campos, German J. | |
| 856 | 4 | 1 |
_uhttps://biblioeco.unsa.edu.ar/pmb/images/libros/L128700.jpg _yImagen de portada _qimage/jpeg |
| 999 |
_c1710 _d1710 |
||